000 00459cam a2200181ua 4500
041 _aeng
_h
082 _a821
_bDRY/DR
100 _aDryden, John .
245 _aDryden`s poems /
_cJohn Dryden.
_hTextual Documents
260 _aLondon :
_bJ M Dent and Sons Ltd ,
_c1961.
300 _a295 ; .
440 0 _aEveryman`s Library,
_v910
_x;
490 0 _aEveryman`s Library,
_v910
_x;
504 _a
650 _aPoetry
942 _cBK
999 _c508
_d508